| 000 | 00629nam a2200205 a 4500 | ||
|---|---|---|---|
| 003 | PILC | ||
| 005 | 20150826134744.0 | ||
| 008 | 050914s19uu xx 00 eng d | ||
| 020 | _a981-254-914-5 | ||
| 050 |
_aR 690 _b.Si47 2005 |
||
| 100 | _aSimmers, Louise. | ||
| 245 |
_aIntroduction to health science technology/ _cLouise Simmers. |
||
| 260 |
_aAustralia : _bThomson Delmar Learning, _c2005. |
||
| 300 |
_a612 pages : _billustrations ; _c24 cm. |
||
| 500 | _aIncludes glossary and index. | ||
| 650 |
_aMedical personnel _xVocational guidance. |
||
| 650 | _aMedical education. | ||
| 942 |
_cBK _2lcc _kFOR |
||
| 999 |
_c21125 _d21125 |
||